Areálová studie slovní zásoby rusínských nářečí východního Slovenska
| Titel: | Areálová studie slovní zásoby rusínských nářečí východního Slovenska : diferenční slovník / k vyd. připravila Růžena Šišková |
|---|---|
| Beteiligt: | |
| Ausgabe: | Vyd. 1. |
| Veröffentlicht: | Praha : Slovanský Ústav AV ČR, 2009 |
| Umfang: | 197 Seiten |
| Format: | Buch |
| Sprache: | Tschechisch |
| Schriftenreihe/ mehrbändiges Werk: |
Práce Slovanského Ústavu AV ČR ; N. ř., 29 |
| RVK-Notation: | |
| ISBN: | 9788086420363 ; 9788085494884 ; 8086420361 ; 8085494884 |
| Hinweise zum Inhalt: |
Inhaltsverzeichnis
|
alg: 27678227 001A $00077:06-10-11 001B $01999:20-01-25 $t07:48:14.000 001D $00077:06-10-11 001U $0utf8 001X $00 002@ $0Aau 002C $aText $btxt $2rdacontent 002D $aohne Hilfsmittel zu benutzen $bn $2rdamedia 002E $aBand $bnc $2rdacarrier 003@ $0276782275 003O $0614276769 $aOCoLC 004A $A978-80-86420-36-3 004A $A978-80-85494-88-4 004A $080-86420-36-1 004A $080-85494-88-4 007A $0BV036690165 $aBVB 007G $0DE0202AC2DF5E1531153CC1258490004AB6ED 009P $qapplication/pdf $A2 $3Inhaltsverzeichnis $uhttp://scans.hebis.de/HEBCGI/show.pl?27678227_toc.pdf $mV:DE-603;B:DE-Mb50 010@ $acze 011@ $a2009 $n2009 013D $RLexikon $#Dictionaries $#Dictionnaires $#Reallexikon Formbegriff $#Sachwörterbuch Formbegrif $#Sprachwörterbuch $#Vokabular Wörterbuch $#Vokabularium $#Wörterbücher $#Dictionary $74066724-8 $8Wörterbuch [Ts1] $9085187623 021A $aAreálová studie slovní zásoby rusínských nářečí východního Slovenska $ddiferenční slovník $hk vyd. připravila Růžena Šišková 028C $BHerausgeber $#Mušynka, Mykola $4edt $7 $8Šišková, Růžena [Tnx] $9167049542 032@ $aVyd. 1. 033A $pPraha $nSlovanský Ústav AV ČR 034D $a197 Seiten 036E $aPráce Slovanského Ústavu AV ČR $lN. ř., 29 036F $xnr 229 $8Práce Slovanského Ústavu AV ČR $9002698374 $lN. ř., 29 044K $qBVB $RSlowakei $#Slowakei (Ost) $#Ostslowakei $#Slowakei, Ost $#Ostslowakischer Kreis $#Východoslovenský kraj $74192726-6 $8Ostslowakisches Gebiet [Tg1] $9085961205 044K $qBVB $ROstslawische Sprachen $#Russinisch $#Ruthenisch Rusinisch $#Karpatoukrainisch Rusinisch $#Carpatho-Russian $74178735-3 $8Rusinisch [Ts1] $9085848034 044K $qBVB $RRegionalsprache $#Dialects $#Régionalismes (linguistique) $#Dialetti $#Dialekt Linguistik $#Regiolekt $#Mundarten $74040725-1 $8Mundart [Ts1] $9085111333 045F $a400 $eDDC23BSB 045F/01 $a400 045F/03 $f0905 045F/03 $g4373 045Z $8KE 5005 [Tkv] $9409143162 lok: 27678227 24 exp: 27678227 24 1 #EPN 201B/01 $007-10-19 $t17:02:21.000 201C/01 $007-10-19 201U/01 $0utf8 203@/01 $01063376890 208@/01 $a07-10-19 $bz 209A/01 $a19.04829 $du $f050 $h19 04829 $x00 209C/01 $a19.04829 G $h19 04829 G 209G/01 $a74217591 $x00 220C/01 $akon 247C/01 $8358050-7Marburg, Bibliothek des Herder-Instituts Marburg $9102600961 lok: 27678227 25 exp: 27678227 25 1 #EPN 201B/01 $004-08-25 $t11:11:07.000 201C/01 $006-10-11 201U/01 $0utf8 203@/01 $0630781893 208@/01 $a06-10-11 $bzii 209A/01 $aG 84-3-S76 $dd $f075 $x00 209C/01 $a27876/10 209G/01 $a76874784 $x00 209G/01 $aSlavistik $x01 247C/01 $8651075-9 <77/075>Mainz, Universität Mainz, Bereichsbibliothek Philosophicum, Standort Slavistik $9102600244 lok: 27678227 204 exp: 27678227 204 1 #EPN 201B/01 $017-11-16 $t15:45:10.000 201C/01 $031-07-12 201U/01 $0utf8 203@/01 $0646458590 208@/01 $a03-04-13 $bzUB 209A/01 $aFH sla Sb 2.8 $du $f000 $hfh sla sb 2 8 $x00 209G/01 $a61471928 $x00 245S/01 $a21000 $x01 247C/01 $8631000-x <26>Gießen, Universität Gießen, Universitätsbibliothek Gießen $9102596697
| LEADER | 00000cam a2200000 c 4500 | ||
|---|---|---|---|
| 001 | 276782275 | ||
| 003 | DE-603 | ||
| 005 | 20250120074814.0 | ||
| 007 | tu | ||
| 008 | 111006s2009 xx |||| | u00||u|cze c | ||
| 020 | |a 9788086420363 | ||
| 020 | |a 9788085494884 | ||
| 020 | |a 8086420361 | ||
| 020 | |a 8085494884 | ||
| 035 | |a (DE-599)BVBBV036690165 | ||
| 035 | |a (OCoLC)614276769 | ||
| 040 | |a DE-603 |b ger |c DE-603 |d DE-603 | ||
| 041 | |a cze | ||
| 082 | 0 | 4 | |8 1\u |a 400 |q DE-101 |2 23/BSB |
| 084 | |a KE 5005 |0 (DE-625)72593: |0 (DE-603)409143162 |2 rvk | ||
| 085 | |8 1\u |b 400 | ||
| 085 | |8 1\u |z 1 |s 0905 | ||
| 085 | |8 1\u |z 2 |s 4373 | ||
| 245 | 0 | 0 | |a Areálová studie slovní zásoby rusínských nářečí východního Slovenska |b diferenční slovník |c k vyd. připravila Růžena Šišková |
| 250 | |a Vyd. 1. | ||
| 264 | 1 | |a Praha |b Slovanský Ústav AV ČR |c 2009 | |
| 300 | |a 197 Seiten | ||
| 336 | |a Text |b txt |2 rdacontent | ||
| 337 | |a ohne Hilfsmittel zu benutzen |b n |2 rdamedia | ||
| 338 | |a Band |b nc |2 rdacarrier | ||
| 490 | 1 | |a Práce Slovanského Ústavu AV ČR |v N. ř., 29 | |
| 650 | 7 | |a Rusinisch |0 (DE-588)4178735-3 |0 (DE-603)085848034 |2 gnd | |
| 650 | 7 | |a Mundart |0 (DE-588)4040725-1 |0 (DE-603)085111333 |2 gnd | |
| 651 | 7 | |a Ostslowakisches Gebiet |0 (DE-588)4192726-6 |0 (DE-603)085961205 |2 gnd | |
| 655 | 7 | |a Wörterbuch |2 gnd-content |0 (DE-588)4066724-8 |0 (DE-603)085187623 | |
| 700 | 1 | |a Šišková, Růžena |e Herausgeber |4 edt |0 (DE-603)167049542 | |
| 810 | 2 | 2 | |a Slovanský Ústav |g Prag |t Práce Slovanského Ústavu AV ČR |v N. ř., 29 |w (DE-603)002698374 |w (DE-600)404583-X |9 nr 229 |7 as |
| 856 | 4 | 2 | |m V:DE-603;B:DE-Mb50 |q application/pdf |u http://scans.hebis.de/HEBCGI/show.pl?27678227_toc.pdf |3 Inhaltsverzeichnis |
| 924 | 0 | |9 Mb 50 |a (DE-603)1063376890 |b DE-Mb50 |c HES |d c |g 19.04829 | |
| 924 | 0 | |9 77/075 |a (DE-603)630781893 |b DE-77-075 |c HES |d d |g G 84-3-S76 | |
| 924 | 0 | |9 26 |a (DE-603)646458590 |b DE-26 |c HES |d c |g FH sla Sb 2.8 | |


